000 00547nmm a2200193Ia 4500
008 251105s9999||||xx |||||||||||||||||und||
020 _a9788499184951
041 _aspa
100 _aStagg, Julia
245 0 _aL'épicerie. La pequeña tienda de los Pirineos
264 _a[Madrid, España] :
_bRoca Editorial,
_c2012
300 _a271 páginas
490 _aNarrativa
650 _aEnglish Narrative
700 _aStagg, Julia
700 1 _a Duque de Vega, Ana
856 _uhttps://public.digitaliapublishing.com/a/34452
942 _cCF
999 _c71687
_d71687